Flower and Jewelry Names for Ladies Quiz Stats

Quiz Updated Aug 21, 2012

Challenge
Share
Tweet
Embed
Score 0/70 Timer 10:00
1 Play Today
Year Name % Correct
1880Rose
97.3%
1890Rose
97.3%
1900Rose
97.3%
1910Rose
97.3%
1920Rose
97.3%
1930Rose
97.3%
1940Rose
97.3%
1950Rose
97.3%
1960Rose
97.3%
1970Rose
97.3%
1900Ruby
86.4%
1910Ruby
86.4%
1920Ruby
86.4%
1930Ruby
86.4%
1940Ruby
86.4%
1950Ruby
86.4%
1960Ruby
86.4%
2010Ruby
86.4%
2000Lily
77.3%
2010Lily
77.3%
1880Daisy
76.5%
1890Daisy
76.5%
1880Pearl
63.3%
1890Pearl
63.2%
1900Pearl
63.2%
1910Pearl
63.2%
1920Pearl
63.2%
1930Violet
49.2%
2010Violet
49.2%
2000Jade
40.7%
2010Jade
40.7%
1950Iris
36.9%
1980Jasmine
32.2%
1990Jasmine
32.2%
2000Jasmine
32.2%
Year Name % Correct
2010Jasmine
32.2%
1980Amber
31.8%
1990Amber
31.8%
2000Amber
31.8%
1970Heather
28.3%
1980Heather
28.3%
1990Heather
28.3%
2000Heather
28.3%
1960Crystal
27.7%
1970Crystal
27.7%
1980Crystal
27.7%
1990Crystal
27.7%
1960Holly
24.1%
1970Holly
24.1%
1980Holly
24.1%
1990Holly
24.1%
1930Rosemary
23.3%
1940Rosemary
23.3%
1950Rosemary
23.3%
1960Rosemary
23.3%
1890Hazel
16.3%
1900Hazel
16.3%
1910Hazel
16.3%
1920Hazel
16.3%
1930Hazel
16.3%
1940Hazel
16.3%
1950Hazel
16.3%
1880Olive
15.8%
1880Myrtle
15.1%
1890Myrtle
15.1%
1900Myrtle
15.1%
1910Myrtle
15.1%
1920Myrtle
15.1%
1940Myrtle
15.1%
1970Ginger
11%

You're not logged in!

Compare scores with friends on all Sporcle quizzes.
Sign Up with Email
OR
Log In

You Might Also Like...

Show Comments

Extras

Top Quizzes Today


Score Distribution

Your Account Isn't Verified!

In order to create a playlist on Sporcle, you need to verify the email address you used during registration. Go to your Sporcle Settings to finish the process.